| 000 | 00774 a2200277 4500 | ||
|---|---|---|---|
| 001 | 200002926 | ||
| 650 | 0 |
_914132 _aGazeteciler _xTürkiye _xBiyografi _zTürkiye |
|
| 999 |
_c200002926 _d29622 |
||
| 003 | TR-AnTOB | ||
| 005 | 20240117144340.0 | ||
| 008 | 110130s2010 tu 000 0b | ||
| 020 | _a9786051116068 | ||
| 040 | _aTR-AnTOB | ||
| 041 | _atur | ||
| 050 | 0 | 0 |
_aPN5449.T9 _bD86 2010 |
| 090 | _aPN5449.T9 D86 2010 | ||
| 100 | 1 |
_aŞener, Nedim _955571 |
|
| 245 | 1 | 0 |
_aUğur Dündar : _bişte hayatım / _cNedim Şener. |
| 246 | 1 | 0 | _aİşte hayatım |
| 264 | 1 |
_aİstanbul : _bDoğan Kitap, _c2010. |
|
| 300 |
_a453 s. ; _bres. ; _c23 cm. |
||
| 500 | _aDizin var. | ||
| 600 | 1 |
_aDündar, Uğur _972819 |
|
| 650 | 0 |
_aJournalists _zTurkey _vBiography _xBiography _919918 |
|
| 942 | _cBK | ||